000 00295 a2200121 4500
000 nam a22 7a 4500
005 20260416111126.0
020 _a9788198837080
100 _aVishal Chandra
_91234503
245 _aAfghanistan Under Taliban
260 _bPentagon Press
_c2025
942 _cTEXL
999 _c1848277
_d1848277